| 000 | 00668cam a2200229 a 4500 | ||
|---|---|---|---|
| 001 | 2406110 | ||
| 005 | 20180829043330.0 | ||
| 008 | 860820s1987 maua b 101 0 eng c | ||
| 010 | _a 86021601 | ||
| 020 | _a0409900249 | ||
| 040 |
_aDNLM/DLC _cDLC _dDLC |
||
| 041 | _aeng | ||
| 060 | _aWO 240 A939 1985 | ||
| 080 | _a617.96 | ||
| 082 | 0 | 0 |
_a617.96 _219 |
| 100 | _a6 | ||
| 101 | _aANE | ||
| 245 | 0 | 4 |
_aThe Automated anesthesia record and alarm systems / _cedited by Joachim S. Gravenstein ... [et al.] ; with 37 contributing authors. |
| 504 | _aIncludes bibliographies and index. | ||
| 906 |
_a7 _bcbc _corignew _d1 _eocip _f19 _gy-gencatlg |
||
| 942 |
_2ddc _cBK |
||
| 999 |
_c47389 _d47389 |
||